Catálogo
 En Linea

Aires del Moncayo : (Registro nro. 34646)

Detalles MARC
000 -CABECERA
campo de control de longitud fija 00690nam a2200169 a 4500
001 - NÚMERO DE CONTROL
campo de control 000035155
005 - FECHA Y HORA DE LA ÚLTIMA TRANSACCIÓN
campo de control 20200930074135.0
008 - DATOS DE LONGITUD FIJA--INFORMACIÓN GENERAL
campo de control de longitud fija 111025s1909 000 spa d
040 ## - FUENTE DE LA CATALOGACIÓN
Centro catalogador/agencia de origen DO-SdBNP
Lengua de catalogación spa
Centro/agencia transcriptor BNPHU
100 1# - ENTRADA PRINCIPAL--NOMBRE DE PERSONA
Nombre de persona Aznar, Tomás
9 (RLIN) 60870
245 10 - MENCIÓN DE TÍTULO
Título Aires del Moncayo :
Medio [Texto impreso] :
Resto del título zarzuela de costumbres baturras en un acto y cuatro cuadros /
Mención de responsabilidad, etc. original de Tomás Aznar y Juan José Lorente ; música del maestro Luis Aula.
260 ## - PUBLICACIÓN, DISTRIBUCIÓN, ETC.
Lugar de publicación, distribución, etc. Madrid :
Nombre del editor, distribuidor, etc. Sociedad de Autores Españoles,
Fecha de publicación, distribución, etc. 1909.
Fabricante R. Velasco, imp.
300 ## - DESCRIPCIÓN FÍSICA
Extensión 38 p. ;
Dimensiones 21 cm.
500 ## - NOTA GENERAL
Nota general Estreno: Coliseo de La Latina, 6 de abril de 1909.
700 1# - PUNTO DE ACCESO ADICIONAL--NOMBRE DE PERSONA
Nombre de persona Lorente, Juan José
9 (RLIN) 60871
700 1# - PUNTO DE ACCESO ADICIONAL--NOMBRE DE PERSONA
Nombre de persona Aula, Luis
9 (RLIN) 60872
Existencias
Estado de retiro Estado de pérdida Restricciones de uso No para préstamo Código de colección Localización permanente Ubicación/localización actual Ubicación en estantería Fecha de adquisición Número de inventario Total de préstamos Signatura topográfica completa Código de barras Fecha visto por última vez Precio válido a partir de Tipo de ítem Koha
      Excluido de préstamo Monografías: Libros y Folletos General General Depósito 25.10.2011 LF1   35155-10 25.06.2020 25.06.2020 No se presta

Con tecnología Koha